Statistics for Sofia Wylie Filmography

Click here to take the quiz!

General Stats

  • This quiz has been taken 26 times
    (11 since last reset)
  • The average score is 9 of 15

Answer Stats

TypeYearName% Correct
TV Show2017-2019Andi Mack
100%
Web Series2019-PresentHigh School Musical: The Musical: The Series
100%
TV Show2015America's Got Talent
83%
Web Series2019Shook
83%
Film2022The School for Good and Evil
83%
Web Special2020High School Musical: The Musical: The Holiday Special
67%
Film2019Back of the Net
50%
TV Short2019Marvel Rising: Battle of the Bands
50%
TV Short2019Marvel Rising: Heart of Iron
50%
TV Show2011, 2016So You Think You Can Dance
50%
Short Film2020Spider-Man: Maximum Venom
50%
TV Special2020The Disney Family Singalong
50%
TV Show2022Celebrity Family Feud
33%
TV Show2017Nicky, Ricky, Dicky & Dawn
33%
TV Show2020Spider-Man
33%

Score Distribution

Percentile by Number Answered

Percent of People with Each Score

Your Score History

You have not taken this quiz since the last reset